Joueurs de foot de l'OM 2025 - Statistiques

Statistiques générales
  • Ce quiz a été pris 506 fois
  • Le résultat moyen est 13 sur 20
Answers on the Grid
Answers color-coded by a green-red scale on the quiz's grid according to % correct below.
Greenwood
Clauss
Veretout
Hojbjerg
Rabiot
Rongier
Gouiri
Luis Enrique
Rowe
Pavard
Lopez
Rulli
Balerdi
Lodi
Angel Gomes
Luis Henrique
Paixao
Nadir
Valbuena
De Lange
Saliba
Maupay
Thauvin
Murillo
Garcia
Payet
Lirola
Cornelius
Digne
Kondogbia
 
Statistiques - réponses
Réponse % Correct
Greenwood
98%
Gouiri
80%
Hojbjerg
80%
Balerdi
78%
Pavard
76%
Paixao
73%
Kondogbia
71%
Rulli
70%
Nadir
68%
Rabiot
68%
Maupay
65%
Angel Gomes
64%
Murillo
63%
Rowe
60%
Garcia
59%
De Lange
57%
Lirola
54%
Cornelius
51%
Rongier
42%
Luis Henrique
38%
Aucun quiz correspondant
Distribution des résultats
% des personnes avec chaque résultat
Percentile par nombre de réponses
Votre historique - résultats
Vous n’avez pas pris ce quiz